Soldados, indios y franciscanos en la primera frontera continental del Nuevo Mundo, 1529-1605
Uloženo v:
| Hlavní autor: | |
|---|---|
| Médium: | Kniha |
| Jazyk: | španělština |
| Vydáno: |
Santiago
Universitaria
2017
|
| Vydání: | 1a. ed |
| Témata: | |
| Tagy: |
Přidat tag
Žádné tagy, Buďte první, kdo vytvoří štítek k tomuto záznamu!
|
MARC
| LEADER | 00000cam a2200000 a 4500 | ||
|---|---|---|---|
| 001 | UCC3513 | ||
| 003 | CL-VaPUC | ||
| 008 | 180527e20170000cl |||||||||||||||||spa|d | ||
| 020 | |a 9789561125643 | ||
| 082 | 0 | 4 | |a 980.013 |b GOI |2 21 |
| 100 | 0 | |a Goicovich, Francis |e author |9 597536 | |
| 245 | 1 | 0 | |a Soldados, indios y franciscanos en la primera frontera continental del Nuevo Mundo, 1529-1605 |
| 250 | |a 1a. ed | ||
| 300 | |a 230 p | ||
| 942 | |c BK | ||
| 945 | |d 20180527 18:33:00 |a dcastane | ||
| 260 | |a Santiago |b Universitaria |c 2017 | ||
| 650 | 7 | |a HISTORIA DE AMERICA SIGLO 16 |2 CL-VaPUC |9 317731 | |
| 650 | 7 | |a CONQUISTADORES |2 CL-VaPUC |9 597537 | |
| 650 | 7 | |a EXPLORADORES |2 CL-VaPUC |9 314661 | |
| 650 | 0 | |a Franciscanos |9 267404 | |
| 583 | |a last modification |c 20180527 18:33:00 |k Rodrigo Vera | ||
| 999 | |c 371211 |d 371209 | ||
| 952 | |0 0 |1 0 |3 erb |4 0 |6 980_013000000000000_GOI_2017 |7 0 |8 A |9 488139 |a BIBHIS |b BIBHIS |i 5471753 |l 7 |o 980.013 GOI 2017 |p 5471753 |r 2025-01-20 |s 2021-04-15 |w 2019-11-24 |y BK |z Catalogado en:20180527 |k HIS | ||
| 952 | |0 0 |1 0 |3 erb |4 0 |6 980_013000000000000_GOI_2017 |7 0 |8 A |9 488140 |a BIBHIS |b BIBHIS |i 5504368 |o 980.013 GOI 2017 |p 5504368 |r 2025-01-20 |w 2019-11-24 |y BK |z Catalogado en:20180927 |k HIS | ||